00653nam a2200217 a 450000100060000000300080000600500170001400800410003103500190007204000320009104100080012308200240013110000410015524500520019626000410024830000330028949000320032250000210035465000280037583000320040369977BD-RjUL20211209081942.0170415s1926 enka 001 0 eng d a(BD-RjUL)70189 aSOIcSOIdEUXdBD-RjULbeng aeng 223a571.1bHOC 19261 aHogben, Lancelot Thomas,d1895-1975.10aComparative physiology /cby Lancelot T. Hogben aLondon :bSidgwick & Jackson,c1926. axiv, 219 p. :bill. ;c23 cm0 aTextbooks of animal biology aIncludes Indexes 0aPhysiology, Comparative aTextbooks of animal biology